FREEDOM STRUGGLE (Record no. 28754)

MARC details
000 -LEADER
fixed length control field 00250nam a22001217a 4500
003 - CONTROL NUMBER IDENTIFIER
control field SGT
082 ## - DEWEY DECIMAL CLASSIFICATION NUMBER
Classification number 954.03
Item number F72C
100 ## - MAIN ENTRY--PERSONAL NAME
Personal name CHANDRA, BIPAN
245 ## - TITLE STATEMENT
Title FREEDOM STRUGGLE
260 ## - PUBLICATION, DISTRIBUTION, ETC. (IMPRINT)
Name of publisher, distributor, etc NATIONAL BOOK TRUST
Year of Publication 1972
300 ## - PAGE DESCRIPTION
No. of Pages 228
942 ## - ADDED ENTRY ELEMENTS (KOHA)
Source of classification or shelving scheme Dewey Decimal Classification
Koha item type Books

No items available.